01093nam a22002777a 45000010005000000030006000050050017000110080041000280200017000690400029000860500009001150820010001241000017001342450068001512600043002193000058002625050008003205200195003285210027005235210019005506500061005697000030006309420015006609990015006759520125006907784FISKH20250806095214.0250806b cb ||||| |||| 00| 0 eng d a076714007994 aFISKHbengcFISKHdFISKH aPZ7  a813.6 aFoxx, Kylie  aTutter's tea party /cby Kylie Foxx ; illustrated by John Lund  aNew York : bSimon & Schuster, c2001. a14 unnumbered pages : bcolor illustrations ; c21 cm aJ  aTutter wants to have a tea party at the Big Blue House, but he needs your help. Take Tutter from place to place to help make pastries, decorate the house, serve refreshments, and much more. 8 a460 bLexile estimate 8 aJ bRaz-Plus  aBear in the Big Blue HousevJuvenile FictionxBoard Book aLund, John eillustrator  2ddccBKn0 c7784d7784 00102ddc40708JUVFa001b001cOKHRd2025-08-06l0oFOX 813.6 PZ7 pFISBK05277r2025-08-06 09:52:12t1w2025-08-06yBK